[Event "XIII International Chess Festival"]
[Site "Paracin"]
[Date "2020.07.06"]
[Round "4.15"]
[White "Ivic, Matija"]
[Black "Milovanovic, Srboljub"]
[Result "1/2-1/2"]
[BlackElo "2043"]
[WhiteElo "2225"]
[LiveChessVersion "1.4.8"]

1. Nf3 {[%clk 1:30:57]} Nf6 {[%clk 1:30:50]} 2. c4 {[%clk 1:31:24]} e6
{[%clk 1:31:13]} 3. g3 {[%clk 1:31:47]} b6 {[%clk 1:31:38]} 4. Bg2
{[%clk 1:32:10]} Bb7 {[%clk 1:31:42]} 5. O-O {[%clk 1:32:18]} c5 {[%clk 1:30:28]}
6. Nc3 {[%clk 1:31:57]} d6 {[%clk 1:30:54]} 7. Re1 {[%clk 1:32:12]} Be7
{[%clk 1:31:18]} 8. e4 {[%clk 1:32:37]} e5 {[%clk 1:31:44]} 9. a3
{[%clk 1:32:37]} Nc6 {[%clk 1:32:04]} 10. Rb1 {[%clk 1:32:39]} O-O
{[%clk 1:32:02]} 11. b4 {[%clk 1:33:05]} Rb8 {[%clk 1:32:27]} 12. d3
{[%clk 1:33:15]} Nd4 {[%clk 1:31:06]} 13. Nxd4 {[%clk 1:31:22]} cxd4
{[%clk 1:31:29]} 14. Ne2 {[%clk 1:31:46]} Bc8 {[%clk 1:31:31]} 15. b5
{[%clk 1:31:35]} Nd7 {[%clk 1:31:34]} 16. f4 {[%clk 1:31:48]} Nc5
{[%clk 1:31:59]} 17. f5 {[%clk 1:32:08]} g5 {[%clk 1:31:57]} 18. g4
{[%clk 1:31:59]} f6 {[%clk 1:32:21]} 19. Ng3 {[%clk 1:31:57]} Kf7
{[%clk 1:31:16]} 20. Kf2 {[%clk 1:32:14]} Ke8 {[%clk 1:31:26]} 21. h4
{[%clk 1:32:12]} h6 {[%clk 1:31:54]} 22. Rh1 {[%clk 1:32:21]} Kd7
{[%clk 1:32:23]} 23. a4 {[%clk 1:31:16]} Kc7 {[%clk 1:32:48]} 24. a5
{[%clk 1:30:50]} Rg8 {[%clk 1:32:25]} 25. hxg5 {[%clk 1:30:42]} hxg5
{[%clk 1:32:53]} 26. Ba3 {[%clk 1:30:52]} Rh8 {[%clk 1:32:32]} 27. Bxc5
{[%clk 1:30:06]} dxc5 {[%clk 1:32:59]} 28. Qa4 {[%clk 1:30:07]} Rxh1
{[%clk 1:32:18]} 29. Rxh1 {[%clk 1:30:32]} Qg8 {[%clk 1:32:35]} 30. axb6+
{[%clk 1:29:37]} axb6 {[%clk 1:33:03]} 31. Ra1 {[%clk 1:28:27]} Bb7
{[%clk 1:33:30]} 32. Nh5 {[%clk 1:28:36]} Ra8 {[%clk 1:33:48]} 33. Qd1
{[%clk 1:28:59]} Rxa1 {[%clk 1:34:10]} 34. Qxa1 {[%clk 1:29:28]} Qa8
{[%clk 1:34:16]} 35. Qxa8 {[%clk 1:29:50]} Bxa8 {[%clk 1:34:41]} 1/2-1/2

[Event "International OPEN "]
[Site "Paracin, Pool "]
[Date "2020.07.06"]
[Round "4.20"]
[White "Radosavljevic, Slobodan D"]
[Black "Radojkovic, Stefan"]
[Result "1/2-1/2"]
[WhiteElo "2159"]
[BlackElo "1898"]
[PlyCount "40"]
[EventDate "2020.07.03"]

1. Nf3 Nf6 2. g3 g6 3. Bg2 Bg7 4. O-O O-O 5. d3 d6 6. c3 c6 7. e4 e5 8. h3 h6
9. Be3 a5 10. a4 Be6 11. Na3 Nbd7 12. Re1 Qc7 13. Nc2 Rfe8 14. Qd2 Kh7 15. Nh2
d5 16. exd5 Bxd5 17. Bxd5 cxd5 18. Na3 e4 19. Nb5 Qd8 20. Bd4 Nf8 1/2-1/2